| 000 | 00676nam a2200205 a 4500 | ||
|---|---|---|---|
| 005 | 20140310183139.0 | ||
| 008 | 020820s19uu xx 00 eng d | ||
| 020 | _a0761993185 | ||
| 050 |
_aHD 58.7 _b.M345 1999 |
||
| 245 |
_aManagement and cultural values : _bthe indigenization of organizations in Asia / _cHenry S.R. Kao ( editors ). |
||
| 260 |
_aNe Delhi ; Thousand Oaks, Calif. : _bSage Publications, _c1999. |
||
| 300 |
_a332 p. : _bill. ; _c22 cm. |
||
| 500 | _aIncludes index | ||
| 521 | _aBSBA | ||
| 650 |
_aCorporate culture _xAsia _xCongresses |
||
| 650 |
_aManagement _xAsia _xcongresses |
||
| 650 | _aIndustrial mgt. | ||
| 942 |
_cBK _2lcc _kFOR |
||
| 999 |
_c19360 _d19360 |
||